000 01556nam a2200469 i 4500
001 49589
003 KOSZ 005
005 20220512080622.0
008 000529s2000 pl |000 0 pol
015 _aUWD 2000/10981
020 _a8391189031
035 _a991014004179705066
035 _a(PL-WaBN)b13765425-48omnis_nlop
035 _ab13765425
035 _a(OCoLC)749787207
035 _azz2007774840
035 _a(PL)b0000001376542
035 _a(EXLNZ-48OMNIS_NETWORK)9910525556105606
040 _aWA N
_cWA N
_dKOSZ 005/HR
041 0 _apol
046 _k2011
080 _a378(438)"1989/..."
245 0 0 _aKształcenie międzyuczelniane :
_bstudium warszawskie /
_cInstytut Problemów Współczesnej Cywilizacji.
260 _aWarszawa :
_bIPWC,
_c2000.
300 _a60, [1] s. ;
_c24 cm.
336 _aTekst
_btxt
_2rdacontent
337 _aBez urządzenia pośredniczącego
_bn
_2rdamedia
338 _aWolumin
_bnc
_2rdacarrier
380 _aKsiążki
388 _a2001-
500 _a13 poz. wydawnicza.
648 _a2001-
650 7 _aSzkolnictwo wyższe
_2DBN
650 7 _aWspółdziałanie
_2DBN
651 7 _aWarszawa (woj. mazowieckie)
_2DBN
651 7 _aPolska
658 _aEdukacja i pedagogika
710 2 _aInstytut Problemów Współczesnej Cywilizacji im. Marka Dietricha
856 _uhttp://koha.tu.koszalin.pl/cgi-bin/koha/opac-detail.pl?biblionumber=49589
_yKatalog online BPK
942 _2UKD
_cKS
999 _c49589
_d49589